Handbuch des Strafverteidigers

Guardado en:  
Detalles Bibliográficos
Autor principal: Dahs, Hans 1935-2018 (Autor)
Tipo de documento: Print Libro
Lenguaje:Alemán
Publicado: Köln O. Schmidt 1999
En:Año: 1999
Edición:6., völlig neu bearb. und erw. Aufl.
Acceso en línea: Índice
Disponibilidad en Tübingen:Disponible en Tübingen.
IFK: F IV 403
Verificar disponibilidad: HBZ Gateway
Servicio de pedido Subito: Pedir ahora.
Palabras clave:

MARC

LEADER 00000cam a2200000 c 4500
001 268270058
003 DE-627
005 20260206195437.0
007 tu
008 990503s1999 gw ||||| 00| ||ger c
015 |a 99,N20,0233  |2 dnb 
015 |a 99,N20,0233  |2 dnb 
016 7 |a 956208657  |2 DE-101 
020 |a 3504165545  |c  : DM 198.00 (Gb.)  |9 3-504-16554-5 
035 |a (DE-627)268270058 
035 |a (DE-603)072075945 
035 |a (DE-576)077440153 
035 |a (DE-599)DNB956208657 
035 |a (OCoLC)246985062 
035 |a (OCoLC)246985062 
040 |a DE-627  |b ger  |c DE-627  |e rakwb 
041 |a ger 
044 |c XA-DE 
084 |a 19  |2 sdnb 
084 |a PH 4700  |2 rvk  |0 (DE-625)rvk/136143: 
084 |a PH 4830  |2 rvk  |0 (DE-625)rvk/136153: 
084 |a 86.36  |2 bkl 
090 |a a 
100 1 |a Dahs, Hans  |d 1935-2018  |0 (DE-588)122685717  |0 (DE-627)082091609  |0 (DE-576)16066571X  |4 aut 
109 |a Dahs, Hans 1935-2018  |a Dahs, Hans jun. 1935-2018 
245 1 0 |a Handbuch des Strafverteidigers  |c von Hans Dahs 
250 |a 6., völlig neu bearb. und erw. Aufl. 
264 1 |a Köln  |b O. Schmidt  |c 1999 
300 |a XXXIII, 800 S.  |c 23 cm 
336 |a Text  |b txt  |2 rdacontent 
337 |a ohne Hilfsmittel zu benutzen  |b n  |2 rdamedia 
338 |a Band  |b nc  |2 rdacarrier 
500 |a Literaturverz. S. 747 - 750 
505 8 |a Literaturverz. S. 747 - 750 
505 8 |a Literaturverz. S. 747 - 750 
583 1 |a Archivierung prüfen  |c 20240324  |f DE-4165  |z 3  |2 pdager 
689 0 0 |d g  |0 (DE-588)4011882-4  |0 (DE-627)104704861  |0 (DE-576)208896155  |a Deutschland  |2 gnd 
689 0 1 |d s  |0 (DE-588)4057806-9  |0 (DE-627)106149423  |0 (DE-576)209123761  |a Strafverteidigung  |2 gnd 
689 0 |5 DE-101 
856 4 2 |u https://www.gbv.de/dms/spk/sbb/toc/293347697.pdf  |m V:DE-601  |m B:DE-1  |q pdf/application  |v 2012-08-09  |3 Inhaltsverzeichnis  |7 1 
889 |w (DE-627)293347697 
935 |i sf 
935 |i Blocktest 
935 |h HEB  |i 0501 
935 |h HEB  |i 0503 
936 r v |a PH 4700  |b Gesamtdarstellungen: Handbücher, Lehrbücher, Einführungen, Grundrisse  |k Rechtswissenschaft  |k Strafrecht, Strafverfahrensrecht, Kriminologie  |k Strafverfahrensrecht  |k Allgemeines  |k Gesamtdarstellungen: Handbücher, Lehrbücher, Einführungen, Grundrisse  |0 (DE-627)1271784521  |0 (DE-625)rvk/136143:  |0 (DE-576)201784521 
936 r v |a PH 4830  |b Angeklagter, Verteidiger  |k Rechtswissenschaft  |k Strafrecht, Strafverfahrensrecht, Kriminologie  |k Strafverfahrensrecht  |k Rechtsstellung der Verfahrensbeteiligten  |k Angeklagter, Verteidiger  |0 (DE-627)1271739852  |0 (DE-625)rvk/136153:  |0 (DE-576)201739852 
936 b k |a 86.36  |j Strafprozessrecht  |0 (DE-627)106413570 
936 s n |a p100  |2 mzub 
951 |a BO 
ELC |b 1 
LOK |0 000 xxxxxcx a22 zn 4500 
LOK |0 001 3093826500 
LOK |0 003 DE-627 
LOK |0 004 268270058 
LOK |0 005 20020411000000 
LOK |0 008 000202||||||||||||||||ger||||||| 
LOK |0 040   |a DE-21-110  |c DE-627  |d DE-21-110 
LOK |0 852   |a DE-21-110 
LOK |0 852 1  |c F IV 403  |m p  |9 00 
LOK |0 935   |a k110 
LOK |0 936ln  |a 4.6.5 
LOK |0 938   |k p 
LOK |0 939   |a 02-02-00  |b l01 
ORI |a SA-MARC-krimdoka001.raw 
SIG |a IFK: F IV 403 
TIM |a 100019901003_100020261231  |b 1990-10-03 - 2026